| Tag |
First Indicator |
Second Indicator |
Subfields |
| LEADER |
00000cam a2200000 4500 |
| 001 |
in00000095045 |
| 005 |
20150927110627.0 |
| 008 |
740722s1963 eng u |
| 010 |
|
|
|a 64001796
|
| 035 |
|
|
|a (OCoLC)00957938
|
| 035 |
|
|
|9 AAL6925AM
|
| 040 |
|
|
|c SYB
|d TXA
|d UtOrBLW
|
| 049 |
|
|
|a TXAM
|c [518045]
|
| 050 |
0 |
0 |
|a TP185
|b .A45
|
| 082 |
0 |
|
|a 660.28082
|
| 110 |
2 |
|
|a American Institute of Chemical Engineers.
|
| 245 |
1 |
0 |
|a Process systems engineering /
|c Charles E.Huckaba and Gilbert Monet, symposium editors. [Contributors] Yong-Kee Ahn [and others].
|
| 264 |
|
1 |
|a New York,
|b [publisher not identified] ;
|c 1963.
|
| 300 |
|
|
|a 197p :
|b illustrations, portraits ;
|c 28cm.
|
| 336 |
|
|
|a text
|b txt
|2 rdacontent
|
| 337 |
|
|
|a unmediated
|b n
|2 rdamedia
|
| 338 |
|
|
|a volume
|b nc
|2 rdacarrier
|
| 490 |
1 |
|
|a Chemical engineering progress symposium series, no.46, v.59, 1963
|
| 500 |
|
|
|a "One set of papers on process control was presented at the Delaware Valley meeting in April, 1962...Another set of papers on process dynamics in mass transfer operations was presented at the Baltimore A.I.Ch.E. meeting in May, 1962."
|
| 504 |
|
|
|a Includes bibliographies.
|
| 650 |
|
0 |
|a Chemical engineering.
|
| 650 |
|
0 |
|a Automatic control.
|
| 700 |
1 |
|
|a Huckaba, Charles E.
|
| 700 |
1 |
|
|a Monet, Gilbert.
|
| 830 |
|
0 |
|a Chemical engineering progress symposium series ;
|v no. 46.
|
| 999 |
|
|
|a MARS
|
| 999 |
f |
f |
|s 605d8637-494c-3c36-9334-f5941ff33993
|i 361508f9-33ca-3aac-868d-0798218b21b5
|t 0
|
| 952 |
f |
f |
|p ric
|a Texas A&M University
|b Rellis Campus
|c Joint Library Facility
|d Remote Storage
|t 0
|e TP185 .A45
|h Library of Congress classification
|i unmediated -- volume
|m A14805601175
|
| 998 |
f |
f |
|a TP185 .A45
|t 0
|l Remote Storage
|